PRIMARY science: knowledge and understanding
Saved in:
| Format: | Book |
|---|---|
| Language: | English |
| Published: |
Learning Matters/ Sage Publications,
2017.
|
| Tags: |
Add Tag
No Tags, Be the first to tag this record!
|
MARC
| LEADER | 00000nam a22000007a 4500 | ||
|---|---|---|---|
| 008 | 210419b ||||| |||| 00| 0 eng d | ||
| 020 | |a 978-1-5264-1092-4 | ||
| 245 | |a PRIMARY science: |b knowledge and understanding |c Graham Peacock …[et al.]. |e (Achieving QTS) |g xvi: 269p | ||
| 250 | |b 8th ed. |c Graham Peacock …[et al.]. | ||
| 260 | |b Learning Matters/ Sage Publications, |c 2017. |h Thousand Oaks, CA: |i 692652 |i 692653 |l LB1585 .P93 |m Science – Study and teaching (Elementary) – Great British. | ||
| 500 | |a “It includes references and index”. | ||
| 942 | |a lcc |c BK |e Adeniran F. A |f 19/04/2021 | ||
| 952 | |0 0 |1 0 |2 lcc |4 0 |6 LB1585 P93 |7 0 |9 2164 |a HOL |b ED |c LP |d 2021-04-19 |l 0 |o LB1585 .P93 |p 2021-6018 |r 2021-04-19 00:00:00 |w 2021-04-19 |y BK | ||
| 952 | |0 0 |1 0 |2 lcc |4 0 |6 LB1585 P93 |7 0 |9 2165 |a HOL |b HOL |c LP |d 2021-04-19 |l 0 |o LB1585 .P93 |p 2021-6019 |r 2021-04-19 00:00:00 |w 2021-04-19 |y BK | ||
| 999 | |c 1125 |d 1125 | ||